Manu's code of law : (Record no. 1715674)
[ view plain ]
| 000 -LEADER | |
|---|---|
| fixed length control field | 00884cam a22002534a 4500 |
| 003 - CONTROL NUMBER IDENTIFIER | |
| control field | OSt |
| 005 - DATE AND TIME OF LATEST TRANSACTION | |
| control field | 20260318114442.0 |
| 008 - FIXED-LENGTH DATA ELEMENTS--GENERAL INFORMATION | |
| fixed length control field | 031210s2005 enk b 001 0 eng |
| 020 ## - INTERNATIONAL STANDARD BOOK NUMBER | |
| International Standard Book Number | 9780195681482 |
| 040 ## - CATALOGING SOURCE | |
| Transcribing agency | HDL |
| Language of cataloging | eng |
| 082 00 - DEWEY DECIMAL CLASSIFICATION NUMBER | |
| Classification number | 294.5 P5 |
| Edition number | 22 |
| 100 0# - MAIN ENTRY--PERSONAL NAME | |
| Personal name | Manu |
| Titles and words associated with a name | (Lawgiver). |
| 9 (RLIN) | 1132427 |
| 240 10 - UNIFORM TITLE | |
| Uniform title | Mānavadharmaśāstra. |
| Language of a work | English & Sanskrit |
| 245 10 - TITLE STATEMENT | |
| Title | Manu's code of law : |
| Remainder of title | a critical edition and translation of the Manava-Dharmasastra / |
| Statement of responsibility, etc. | Patrick Olivelle ; with the editorial assistance of Suman Olivelle. |
| 260 ## - PUBLICATION, DISTRIBUTION, ETC. | |
| Place of publication, distribution, etc. | Oxford ; |
| -- | New York : |
| Name of publisher, distributor, etc. | Oxford University Press, |
| Date of publication, distribution, etc. | 2005. |
| 300 ## - PHYSICAL DESCRIPTION | |
| Extent | x, 1131 p. ; |
| Dimensions | 25 cm. |
| 490 1# - SERIES STATEMENT | |
| Series statement | South Asia research |
| 650 #0 - SUBJECT ADDED ENTRY--TOPICAL TERM | |
| Topical term or geographic name entry element | Hindu law |
| Form subdivision | Sources. |
| 9 (RLIN) | 1132428 |
| 650 #0 - SUBJECT ADDED ENTRY--TOPICAL TERM | |
| Topical term or geographic name entry element | Law |
| Geographic subdivision | India |
| Form subdivision | Sources. |
| 9 (RLIN) | 1132429 |
| 650 #0 - SUBJECT ADDED ENTRY--TOPICAL TERM | |
| Topical term or geographic name entry element | Law |
| Geographic subdivision | India |
| General subdivision | History. |
| 9 (RLIN) | 1132430 |
| 700 1# - ADDED ENTRY--PERSONAL NAME | |
| Personal name | Olivelle, Patrick. |
| 942 ## - ADDED ENTRY ELEMENTS (KOHA) | |
| Koha item type | Textual |
| Source of classification or shelving scheme | Colon Classification (CC) |
| Suppress in OPAC | No |
| Withdrawn status | Lost status | Source of classification or shelving scheme | Damaged status | Not for loan | Home library | Current library | Date acquired | Total Checkouts | Date last seen | Price effective from | Koha item type |
|---|---|---|---|---|---|---|---|---|---|---|---|
| Colon Classification (CC) | Department of History Library | Department of History Library | 2026-03-18 | 2026-03-18 | 2026-03-18 | Textual |
